|
|
|
|
| LEADER |
00704nam a22002052a 4500 |
| 001 |
001395122 |
| 003 |
CZ BrMZK |
| 005 |
20140905112353.0 |
| 007 |
ta |
| 008 |
140618s1959 ru er|||||||||||rus d |
| 040 |
|
|
|a ABA007
|b cze
|d ABA007
|d BOA001
|
| 100 |
1 |
|
|a Gauß, Carl Friedrich,
|d 1777-1855
|7 jn19990002581
|4 aut
|
| 245 |
1 |
0 |
|a Trudy po teorii čisel /
|c Karl Friedrich Gauss ; obščaja redackija I.M. Vinogradova
|
| 260 |
|
|
|a Moskva :
|b AN SSSR,
|c 1959
|
| 300 |
|
|
|a 978 s.
|
| 700 |
1 |
|
|a Vinogradov, Ivan Matvejevič,
|d 1891-1983
|7 xx0009357
|4 edt
|
| 910 |
|
|
|a BOA001
|b 2-0440.711
|
| 990 |
|
|
|a BK
|
| 991 |
|
|
|b 201406
|
| 996 |
7 |
|
|b 2619096769
|c 2-0440.711
|l MZK
|r Sklad / do 24 hodin
|n 0
|w 001430250
|u 000010
|a 1
|e BOA001
|j MZK50
|s A
|